Central america: anatomy of conflict /

में बचाया:
ग्रंथसूची विवरण
मुख्य लेखक: Leiken, Robert S.
निगमित लेखक: Carnegie Endowment for international Peace
अन्य लेखक: ed.
स्वरूप: मूलपाठ
प्रकाशित: New York: Pergamon Press
टैग: टैग जोड़ें
कोई टैग नहीं, इस रिकॉर्ड को टैग करने वाले पहले व्यक्ति बनें!

MARC

LEADER 00000 a a2200000 04500
001 24231
003
040
090 |a 171800  
100 |a Leiken, Robert S.  
110 |a Carnegie Endowment for international Peace  
245 |a Central america: anatomy of conflict /  |c Robert S. Leiken,  
260 |a New York:   |b Pergamon Press  
300 |a p. irreg   |b **no definido**  
700 |a ed.  
999 |c 10617  |d 10617